Library of the University of Algiers 3
Ibrahim Sultan Cheibout
شعار جامعة الجزائر 3
مكتبة جامعة الجزائر 3
إبراهيم سلطان شيبوط

تخطيط المال العام : (رقم التسجيلة. 45695)

تفاصيل مارك
000 -LEADER
fixed length control field 01512nam a2200253Ia 4500
003 - CONTROL NUMBER IDENTIFIER
control field Ost
005 - DATE AND TIME OF LATEST TRANSACTION
control field 20260507075656.0
008 - FIXED-LENGTH DATA ELEMENTS--GENERAL INFORMATION
fixed length control field 260507s9999||||xx |||||||||||||| ||und||
040 ## - CATALOGING SOURCE
Transcribing agency fsecg
041 ## - LANGUAGE CODE
Language code of text/sound track or separate title ara
082 ## - DEWEY DECIMAL CLASSIFICATION NUMBER
Classification number 336
100 ## - MAIN ENTRY--PERSONAL NAME
Personal name عجام، ميثم صاحب
Relator term مؤلف
245 #0 - TITLE STATEMENT
Title تخطيط المال العام :
Remainder of title سياسة تعبئة الموارد وادارة المصروفات العامة /
Statement of responsibility, etc. ميثم صاحب عجام
260 ## - PUBLICATION, DISTRIBUTION, ETC.
Place of publication, distribution, etc. عمان:
Name of publisher, distributor, etc. دار الكندي,
Date of publication, distribution, etc. 2002
300 ## - PHYSICAL DESCRIPTION
Extent 551 صفحة؛
Other physical details إيضاحات ؛
Dimensions 24 سم
504 ## - BIBLIOGRAPHY, ETC. NOTE
Bibliography, etc. note المراجع ص.343
520 ## - SUMMARY, ETC.
Summary, etc. أهمية التخطيط المالي للقطاع العام، أهمية التخطيط في الأنظمة الاقتصادية المختلفة، المال العام والقطاع العام، السياسات الاقتصادية العامة، الأهداف الأساسية لتخطيط المال العام، تخطيط الانفاق العام الجاري، تخطيط الانفاق العام التنموي، ادارة المصروفات العامة، تخطيط الايراد العام، تطور مصادر التمويل المساعدة للايراد العام، تخطيط النقد الأجنبي.
653 ## - INDEX TERM--UNCONTROLLED
Uncontrolled term الجوانب الإقتصادية
653 ## - INDEX TERM--UNCONTROLLED
Uncontrolled term السياسة الاقتصادية
653 ## - INDEX TERM--UNCONTROLLED
Uncontrolled term السياسة المالية
653 ## - INDEX TERM--UNCONTROLLED
Uncontrolled term المالية العامة
700 ## - ADDED ENTRY--PERSONAL NAME
Personal name سعود، علي
Relator term مؤلف ثانوي
942 ## - ADDED ENTRY ELEMENTS (KOHA)
Koha item type كتب

لا توجد مواد متاحة.

موارد الويب المفتوحة


© University of Algiers 3 All Rights Reserved
|
Implemented by LECHELAH Riad